00823nam a2200253 a 450000100060000000300080000600500170001400800410003103500190007203500180009104000440010904100080015304200120016108200260017310000290019924500410022826000300026930000340029950400300033365000250036394200120038899900170040095201520041775996BD-RjUL20211209082756.0191001s1966 nyua b 000 0 eng  a(BD-RjUL)76215 a(OCoLC)204186 aDLCcOClUdOCoLCdUkdDLCdBD-RjULbeng aeng apremarc 223a658.787bNAI 19661 aNaddor, Eliezer.923334910aInventory systems /cEliezer Naddor. aNew York:bWiley,cc1966. axiv, 341 p.:billus.;c24 cm. aBibliography: p. 329-332. 0aInventories.9233350 2ddccBK c75996d75996 00102ddc40718NFICaRUCLbRUCLcReadingd1974-05-30eNational Book Agencyg140.00l0o658.787 NAI 1966r2019-10-01 00:00:00tC-1w2019-10-01yBK